[Event "21st Czech GM Open"]
[Site "Pardubice CZE"]
[Date "2010.07.29"]
[Round "7"]
[White "Nun,Ji"]
[Black "Yuffa,D"]
[Result "1/2-1/2"]
[WhiteElo "2362"]
[BlackElo "2187"]

1.e4 c5 2.Nf3 Nc6 3.Bb5 e6 4.O-O Nge7 5.b3 a6 6.Bxc6 Nxc6 7.Bb2 Qc7 8.d4 cxd4
9.Nxd4 Nxd4 10.Bxd4 Bd6 11.h3 O-O 12.Nd2 b5 13.c4 Bb7 14.Qe2 f5 15.e5 Bc5
16.Bxc5 Qxc5 17.Rac1 b4 18.Rcd1 Ra7 19.Rfe1 a5 20.Nf3 f4 21.Nd4 f3 22.Nxf3 Bxf3
23.gxf3 Rf5 24.Qe3 Qc7 25.Rd4 a4 26.f4 axb3 27.axb3 Rf7 28.Red1 Ra3 29.Kh2 h6
30.Qg3 Qa7 31.R1d3 Ra1 32.Rd1 Ra3 33.Qe3 Ra2 34.R4d2 Kh7 35.Qxa7 Rxa7 36.Kg3 Kg6
37.Rd4 Kf5 38.Re1 Ra5 39.h4 g6 40.Kf3 Ra3 41.Rd3 Rh7 42.Rg1 Ra2 43.Ke3 Rb2
44.Ra1 Kg4 45.Rg1+ Kh5 46.Rh1 Rf7 47.f3 Rf8 48.Rg1 Ra8 49.Rxd7 Rxb3+ 50.Ke4 Rc8
51.Rg5+ Kxh4 52.Rxg6 Rxc4+ 53.Rd4 Rxd4+ 54.Kxd4 h5 55.f5 exf5 56.e6 Rb1 57.Ke5 Kh3
58.Rg8 b3 59.e7 Re1+ 60.Kf6 b2 61.Rb8 Kg3 62.Rxb2 Kxf3 63.Rb5 Rxe7 64.Kxe7 h4
65.Kf6 h3 66.Kxf5 h2  1/2-1/2

[Event "Tch-POR 1st Div Final"]
[Site "Vila Nova de Gaia POR"]
[Date "2010.07.29"]
[Round "6.4"]
[White "Saatdjian,S"]
[Black "Suarez Real,A"]
[Result "0-1"]
[WhiteElo "2011"]
[BlackElo "2395"]

1.e4 c5 2.Nf3 Nc6 3.Bb5 Nf6 4.d3 Qa5+ 5.Nc3 Nd4 6.Bc4 d5 7.Bxd5 Nxd5 8.exd5 Bg4
9.h3 Bxf3 10.gxf3 O-O-O 11.Bd2 Qb6 12.Na4 Qg6 13.Kf1 Rxd5 14.Be3 e5 15.c4 Rd7
16.Nc3 Ne6 17.Nd5 Nc7 18.Nxc7 Kxc7 19.Ke2 f5 20.Qg1 Qc6 21.Rd1 Bd6 22.b3 Rhd8
23.Qg2 Bf8 24.Rhg1 Qa6 25.Bg5 Re8 26.Ra1 f4 27.Bh4 Re6 28.Qg4 Rg6 29.Qf5 Rxg1
30.Rxg1 Qxa2+ 31.Kf1 Bd6 32.Qxh7 g5 33.Qh8 gxh4 34.Rg8 Qb1+ 35.Kg2 Qxd3 36.Rc8+ Kb6
37.Qe8 Qf5 38.b4 cxb4  0-1

[Event "TCh-MNE Premier League"]
[Site "Cetinje MNE"]
[Date "2010.07.30"]
[Round "7"]
[White "Savic,Miod1"]
[Black "Miladinovic,I"]
[Result "1/2-1/2"]
[WhiteElo "2477"]
[BlackElo "2552"]

1.e4 c5 2.Nf3 Nc6 3.Bb5 e6 4.O-O Nge7 5.c3 a6 6.Bxc6 Nxc6 7.d4 d5 8.e5 Bd7
9.Re1 cxd4 10.cxd4 Rc8 11.Nc3 Be7 12.a3 O-O 13.Ne2 Na5 14.Ng3 Qc7 15.b4 Nc4  1/2-1/2

[Event "6th WSCC U17"]
[Site "Kayseri TUR"]
[Date "2010.07.30"]
[Round "9"]
[White "Firat,B"]
[Black "Burneckas,Y"]
[Result "1-0"]
[WhiteElo "2420"]
[BlackElo "1948"]

1.e4 c5 2.Nf3 Nc6 3.Bb5 g6 4.Bxc6 dxc6 5.d3 Bg7 6.h3 Nf6 7.Nc3 O-O 8.Bf4 Qa5
9.Qd2 Rd8 10.O-O c4 11.d4 Qh5 12.Qe3 h6 13.Ne5 g5 14.Bg3 Be6 15.f4 gxf4 16.Bxf4 Nd7
17.Nf3 f6 18.Ne2 Nf8 19.Ng3 Qg6 20.Nh4 Qh7 21.Ngf5 Bxf5 22.Nxf5 Ng6 23.Bxh6 Bxh6
24.Nxh6+ Kg7 25.Ng4 Qh5 26.Rf5 Qh4 27.Raf1 Rf8 28.e5 fxe5 29.Nxe5 Rxf5 30.Rxf5 Rd8
31.Nxg6  1-0

[Event "Tch-POR 1st Div Final"]
[Site "Vila Nova de Gaia POR"]
[Date "2010.07.30"]
[Round "7.3"]
[White "Gutierrez Castillo,P"]
[Black "Santos,Lui1"]
[Result "1-0"]
[WhiteElo "2167"]
[BlackElo "2365"]

1.e4 c5 2.Nf3 Nc6 3.Bb5 g6 4.Bxc6 bxc6 5.O-O Bg7 6.Re1 Nf6 7.e5 Nd5 8.c4 Nc7
9.Nc3 O-O 10.d4 cxd4 11.Nxd4 f6 12.Bf4 c5 13.Nb3 fxe5 14.Bxe5 Bxe5 15.Rxe5 d6
16.Re3 Bb7 17.Na5 Rb8 18.Nxb7 Rxb7 19.Nd5 Rf7 20.b3 Kg7 21.Qd2 e5 22.Nxc7 Qxc7
23.Rd1 Rb6 24.Rd3 Rf6 25.h4 Ra6 26.h5 gxh5 27.Qg5+ Rg6 28.Qxh5 Qf7 29.Qe2 Qf5
30.R1d2 Rb6 31.Qd1 Qe6 32.Qh5 Qf7 33.Rh3 Kg8 34.Rdd3 Rb7 35.Rdg3 Qf6 36.Rxg6+ hxg6
37.Rf3 Qe6 38.Qg5 Rf7 39.Qd8+ Kg7 40.Rh3 Rf8 41.Qh4 e4 42.Re3 Qe5 43.Rxe4 Qa1+
44.Kh2 Rh8 45.Re7+ Kf8 46.Rh7 Qe5+ 47.g3 Rxh7 48.Qxh7 Qf5 49.Qh6+ Ke8 50.Qh8+ Ke7
51.Qb2 Kd7 52.Qe2 Qf6 53.Kg2 Kc7 54.Qe4 Qb2 55.Qxg6 Qxa2 56.Qd3 Qb2 57.g4 Qe5
58.Qd2 Kd7 59.f4 Qe4+ 60.Kg3 a5 61.Qc3 d5 62.cxd5 Qxd5 63.g5 c4 64.bxc4 Qc5
65.Qg7+ Ke8 66.Qg6+ Ke7 67.Qf6+ Ke8 68.Qe6+ Kf8 69.g6 Qg1+ 70.Kh4 Qh2+ 71.Kg5 Qg2+
72.Kf5 Qh3+ 73.Kf6 Qh4+ 74.Ke5 Qe1+ 75.Kd5 Qd2+ 76.Kc5 Qf2+ 77.Kb5 Qb2+ 78.Kc6  1-0

[Event "Open ch-BUL w"]
[Site "Vratsa BUL"]
[Date "2010.07.30"]
[Round "8"]
[White "Nikolova,A"]
[Black "Voiska,M"]
[Result "0-1"]
[WhiteElo "2298"]
[BlackElo "2330"]

1.e4 c5 2.Nf3 Nc6 3.Bb5 g6 4.Bxc6 bxc6 5.O-O Bg7 6.h3 d6 7.d3 e5 8.Nc3 Ne7
9.Be3 O-O 10.Qd2 f5 11.exf5 gxf5 12.Bh6 Ng6 13.Rfe1 Rb8 14.b3 Rb7 15.Kf1 Qa5
16.Bxg7 Rxg7 17.g3 Qd8 18.Qg5 Qa5 19.Qd2 Qc7 20.Qh6 d5 21.Ng5 f4 22.Ke2 fxg3
23.fxg3 e4 24.Ncxe4 dxe4 25.Nxe4 Bf5 26.Rf1 Bxe4 27.Rxf8+ Nxf8 28.dxe4 Qxg3
29.Qxc6 Qh2+ 30.Kd3 Rg3+ 31.Kc4 Qe2+ 32.Kd5 Rg5+  0-1

[Event "21st Czech GM Open"]
[Site "Pardubice CZE"]
[Date "2010.07.31"]
[Round "9"]
[White "Maximov,D"]
[Black "Nithander,V"]
[Result "1/2-1/2"]
[WhiteElo "2506"]
[BlackElo "2409"]

1.e4 c5 2.Nf3 Nc6 3.Bb5 g6 4.Bxc6 dxc6 5.d3 Bg7 6.Nc3 Bg4 7.h3 Bxf3 8.Qxf3 Nf6
9.Bd2 Nd7 10.O-O-O e5 11.h4 h5  1/2-1/2

[Event "Tch-POR 1st Div Final"]
[Site "Vila Nova de Gaia POR"]
[Date "2010.07.31"]
[Round "8.4"]
[White "Spraggett,K"]
[Black "Correia,J"]
[Result "1-0"]
[WhiteElo "2575"]
[BlackElo "1656"]

1.e4 c5 2.Nf3 Nc6 3.Bb5 Nd4 4.Nxd4 cxd4 5.O-O a6 6.Ba4 b5 7.Bb3 e6 8.d3 d6
9.f4 g6 10.a4 Bb7 11.f5 exf5 12.exf5 d5 13.axb5 axb5 14.Rxa8 Bxa8 15.Qe1+ Be7
16.f6 Nxf6 17.Rxf6 Kd7 18.Rxf7 Re8 19.Bg5 h6 20.Rxe7+ Rxe7 21.Qxe7+ Qxe7
22.Bxe7 Kxe7 23.Nd2 Kd6 24.Nf3 Kc5 25.Ne5  1-0

[Event "GM"]
[Site "Stara Pazova SRB"]
[Date "2010.08.03"]
[Round "4"]
[White "Kovacevic,Draga"]
[Black "Indjic,D"]
[Result "1-0"]
[WhiteElo "2282"]
[BlackElo "2329"]

1.e4 c5 2.Nf3 Nc6 3.Bb5 e6 4.O-O Nge7 5.Nc3 a6 6.Bxc6 Nxc6 7.d4 cxd4 8.Nxd4 Qc7
9.Kh1 Be7 10.f4 d6 11.Be3 O-O 12.Qh5 g6 13.Qh6 Bf6 14.Rad1 Bd7 15.Nf3 Bg7
16.Qh4 f5 17.exf5 gxf5 18.Rd2 Na5 19.Bd4 Nc4 20.Bxg7 Kxg7 21.Rd3 Rf6 22.b3 Nb2
23.Re3 Raf8 24.Rfe1 h6 25.Qf2 b5 26.Qd2 Rc8 27.Qc1 b4 28.Qxb2 bxc3 29.Qa3 a5
30.Rd3 d5 31.Ne5 Bb5 32.Rg3+ Kh7  1-0

[Event "XIV Republica"]
[Site "Villa Martelli ARG"]
[Date "2010.08.05"]
[Round "2"]
[White "Saldano Dayer,H"]
[Black "Real de Azua,E"]
[Result "0-1"]
[WhiteElo "2428"]
[BlackElo "2432"]

1.e4 c5 2.Nf3 Nc6 3.Bb5 g6 4.O-O Bg7 5.c3 Nf6 6.Qe2 O-O 7.Rd1 Qb6 8.Na3 d5
9.e5 Ne8 10.h3 Nc7 11.Ba4 Bd7 12.Bb3 c4 13.Bc2 f6 14.exf6 exf6 15.d4 Rfe8
16.Qf1 Qa5 17.b4 Qa6 18.Nb1 b5 19.a4 Qc8 20.Bf4 Ne6 21.Be3 bxa4 22.Nbd2 Ne7
23.Bxa4 Nf5 24.Bxd7 Qxd7 25.Ra5 Nc7 26.Bf4 Nb5 27.Rc1 g5 28.Bh2 a6 29.Qd1 h5
30.Nf1 Bh6 31.g4 hxg4 32.hxg4 Nh4 33.Nxh4 gxh4 34.Rc2 Re4 35.f3 Re6 36.Qa1 Qh7
37.Rf2 Rae8 38.Rxa6 Re1 39.Qa4 Be3 40.Ra8 Bxf2+ 41.Kxf2 Re2+ 42.Kg1 Qe7 43.Ra5  0-1

[Event "49th WJun"]
[Site "Chotowa POL"]
[Date "2010.08.06"]
[Round "4"]
[White "Smola,M"]
[Black "Hercules,B"]
[Result "0-1"]
[WhiteElo "2220"]
[BlackElo "2057"]

1.e4 c5 2.Nf3 Nc6 3.Bb5 g6 4.Bxc6 dxc6 5.O-O Bg7 6.Re1 Nf6 7.e5 Nd5 8.d4 Bg4
9.dxc5 Nb4 10.Bd2 Bxf3 11.gxf3 Na6 12.b4 O-O 13.Bc3 Qc8 14.Nd2 Nc7 15.Nc4 Rd8
16.Qe2 Nd5 17.Bd2 Qf5 18.Qe4 Qxe4 19.fxe4 Nxb4 20.Bxb4 Rd4 21.Nd2 Rxb4 22.Rab1 Ra4
23.Rxb7 Rxa2 24.Rc7 Bxe5 25.Rxe7 Bc3 26.Rd7 Rxc2 27.Rd1 Bb4 28.Nb3 a5 29.Rb7 Rc3
30.Nc1 Bxc5 31.Ne2 Rc2 32.Kf1 Ra7 33.Rxa7 Bxa7 34.Rd8+ Kg7 35.e5 Bc5 36.Rc8 Bb6
37.Rb8 Bc7 38.Re8 Bb6 39.Re7 Kf8 40.Rb7 Bc5 41.Ke1 a4 42.Nf4 a3 43.e6 a2  0-1

[Event "8th Gyorgy Marx WGM"]
[Site "Paks HUN"]
[Date "2010.08.06"]
[Round "1"]
[White "Madl,I"]
[Black "Toth,Li"]
[Result "1-0"]
[WhiteElo "2401"]
[BlackElo "2235"]

1.e4 c5 2.Nf3 Nc6 3.Bb5 a6 4.Bxc6 bxc6 5.O-O d5 6.Qe2 Bg4 7.b3 e6 8.Bb2 Nf6
9.d3 Be7 10.Nbd2 O-O 11.h3 Bxf3 12.Nxf3 Nd7 13.Rae1 Qc7 14.Nh2 Rae8 15.f4 Bf6
16.e5 Bh4 17.Rd1 f5 18.Nf3 Be7 19.Kh1 g6 20.Bc3 h6 21.Bd2 Qb7 22.a4 Rf7 23.Rg1 Rg7
24.g4 Rf8 25.Kh2 Qb8 26.Rg2 fxg4 27.Rxg4 Rf5 28.Rdg1 Kh7 29.d4 h5 30.R4g2 Qf8
31.Kh1 Rxf4 32.Bxf4 Qxf4 33.Qd3 Qe4 34.dxc5 Nxc5 35.Qxe4 Nxe4 36.Nd4 Nc5
37.Nxc6 Bh4 38.Nd4 g5 39.Nf3 Rf7 40.Rxg5  1-0

[Event "19th Open"]
[Site "Kavala GRE"]
[Date "2010.08.07"]
[Round "9"]
[White "Rozentalis,E"]
[Black "Alsina Leal,D"]
[Result "1/2-1/2"]
[WhiteElo "2631"]
[BlackElo "2546"]

1.e4 c5 2.Nf3 Nc6 3.Bb5 Nf6 4.e5 Nd5 5.Nc3 Nc7 6.Bxc6 dxc6 7.O-O Bg4 8.h3 Bh5
9.d3 h6 10.Be3 e6 11.Ne4 b6 12.Ng3 Bg6 13.Ne2 Qd7 14.a3 c4 15.dxc4 Qxd1 16.Rfxd1 Bxc2
17.Rd2 Bb3 18.Rc1 c5 19.Ng3 Rd8 20.Ne4 Rxd2 21.Nexd2 Ba4 22.b4 cxb4 23.axb4 Bxb4
24.Ra1 b5 25.cxb5 Bxb5 26.Rxa7 Kd7 27.Bb6 Rc8 28.Ne4 Bc4 29.Nd4 Bd3 30.Nc5+ Bxc5
31.Bxc5 Ra8 32.Rb7 Be4 33.Rb2 f6 34.f4 Bd5 35.Rb6 fxe5 36.Rd6+ Kc8 37.fxe5 Ra2
38.g4 Rg2+ 39.Kf1 Rh2 40.Bb6 Rxh3 41.Bxc7  1/2-1/2

[Event "ch-CRC"]
[Site "San Jose CRC"]
[Date "2010.08.07"]
[Round "11"]
[White "Munoz,Ca"]
[Black "Bermudez,S"]
[Result "0-1"]
[WhiteElo "2033"]
[BlackElo "2183"]

1.e4 c5 2.Nf3 Nc6 3.Bb5 Qb6 4.Bxc6 Qxc6 5.Nc3 e6 6.O-O Nf6 7.Re1 Be7 8.d4 d5
9.Ne5 Qb6 10.dxc5 Bxc5 11.Nd3 Bd4 12.Na4 Qb5 13.c3 dxe4 14.cxd4 exd3 15.Nc3 Qf5
16.Re5 Qg4 17.Qxd3 h6 18.b3 O-O 19.Re3 Rd8 20.Ne4 Nxe4 21.Rxe4 Qf5 22.Qe2 Bd7
23.g4 Qd5 24.Re5 Qxd4 25.Bb2 Qf4 26.g5 Bc6 27.Qe3 Qg4+ 28.Qg3 Rd1+ 29.Re1 Qe4
30.f3 Qe3+ 31.Qf2 Qxg5+ 32.Qg3 Qxg3+ 33.hxg3 Rxe1+ 34.Rxe1 Bxf3  0-1

[Event "Open"]
[Site "Minsk BLR"]
[Date "2010.08.08"]
[Round "5"]
[White "Bogachkov,I"]
[Black "Cherepov,A"]
[Result "1-0"]
[WhiteElo "2347"]
[BlackElo "2238"]

1.e4 c5 2.Nf3 Nc6 3.Bb5 d6 4.O-O Bd7 5.c3 Nf6 6.Re1 a6 7.Ba4 b5 8.Bc2 Bg4
9.h3 Bh5 10.d3 e6 11.Nbd2 Be7 12.Nf1 Ne5 13.g4 Nxf3+ 14.Qxf3 Bg6 15.Qg2 e5
16.Ne3 O-O 17.Nf5 Ne8 18.Bb3 Nc7 19.a4 b4 20.cxb4 cxb4 21.d4 Ne6 22.dxe5 dxe5
23.Rd1 Qc7 24.Be3 Rfd8 25.Bd5 Rab8 26.Rac1 Qd7 27.Rc6 a5 28.Rdc1 Bf8 29.h4 h6
30.h5 Bh7 31.Qf1 Rdc8 32.Qa6 Rxc6 33.Rxc6 Nd8 34.Rc1 Qxa4 35.Ba7 Qb5 36.Qxb5 Rxb5
37.Rc8 Bxf5 38.gxf5 a4 39.Rxd8 a3 40.bxa3 bxa3 41.Bb8  1-0

[Event "GM"]
[Site "Stara Pazova SRB"]
[Date "2010.08.08"]
[Round "10"]
[White "Nurkic,S"]
[Black "Indjic,D"]
[Result "1-0"]
[WhiteElo "2404"]
[BlackElo "2329"]

1.e4 c5 2.Nf3 Nc6 3.Bb5 d6 4.O-O Bd7 5.Re1 a6 6.Bxc6 Bxc6 7.d4 cxd4 8.Nxd4 e5
9.Nxc6 bxc6 10.c4 Nf6 11.Nc3 Be7 12.Qd3 O-O 13.b3 Nd7 14.Be3 Qc7 15.Rad1 Rfd8
16.g3 Nc5 17.Bxc5 dxc5 18.Qc2 h5 19.Kg2 h4 20.Ne2 g6 21.Ng1 Kg7 22.Nf3 Rh8
23.Qc3 Bf6 24.g4 h3+ 25.Kf1 g5 26.Ng1 Rab8 27.Ne2 Rb4 28.Ng3 Kf8 29.Nf5 Qb7  1-0

[Event "Negroponte Open"]
[Site "Chalkis GRE"]
[Date "2010.08.09"]
[Round "1"]
[White "Mamedov,Nid"]
[Black "Sideris,T"]
[Result "1-0"]
[WhiteElo "2604"]
[BlackElo "2053"]

1.e4 c5 2.Nf3 Nc6 3.Bb5 Nf6 4.Nc3 Nd4 5.e5 Nxb5 6.Nxb5 Nd5 7.O-O a6 8.Nc3 Nxc3
9.dxc3 e6 10.Ng5 Be7 11.Qh5 Bxg5 12.Bxg5 Qc7 13.Bh4 O-O 14.Rfe1 d6 15.Bf6 h6
16.Re3 Kh7 17.Bxg7 Kxg7 18.Rg3+ Kh7 19.Qg4 f5 20.Qg6+  1-0

[Event "49th WJun"]
[Site "Chotowa POL"]
[Date "2010.08.09"]
[Round "6"]
[White "Lukovic,V"]
[Black "Barski,R"]
[Result "1/2-1/2"]
[WhiteElo "2130"]
[BlackElo "2290"]

1.e4 c5 2.Nf3 Nc6 3.Bb5 g6 4.Bxc6 bxc6 5.O-O Bg7 6.e5 f6 7.exf6 Nxf6 8.c3 O-O
9.d4 cxd4 10.cxd4 d6 11.h3 Nd5 12.Nc3 Qa5 13.Ne4 Rb8 14.b3 Nf4 15.Bxf4 Rxf4
16.Re1 Qd5 17.Nc3 Qh5 18.Ne2 Rf7 19.Ng3 Qd5 20.Re4 Bf5 21.Nxf5 Qxe4 22.Nxg7 Rxg7
23.Qd2 Qd5 24.Qc3 Rf7 25.Rc1 Rb6 26.Qe3 Rb5 27.h4 Rb7 28.Re1 c5 29.Qh6 Qf5
30.dxc5 e5 31.Qe3 dxc5 32.Nxe5 Rfe7 33.Qxc5 Rbc7 34.Qd5+ Qe6 35.Qxe6+ Rxe6
36.Re2 Kg7 37.f4 h5 38.Rd2 Kf6 39.Nc4 Kf5 40.g3 Re1+ 41.Kf2 Ra1 42.Kf3 Rc6
43.Ne3+ Kf6 44.f5 gxf5 45.Rd5 Rc3 46.Kf4 Rxa2 47.Rxf5+ Ke6 48.Re5+ Kd7 49.Rxh5 Rxb3
50.Rh7+ Ke8 51.Nf5 a5 52.h5 Kf8 53.h6 Rf2+ 54.Kg5 Rxf5+ 55.Kxf5 Rxg3 56.Ra7 Kg8  1/2-1/2

[Event "TCh-MKD"]
[Site "Struga MKD"]
[Date "2010.08.10"]
[Round "2"]
[White "Petrovski,I"]
[Black "Damceski,M"]
[Result "1/2-1/2"]
[WhiteElo "2054"]
[BlackElo "2050"]

1.e4 c5 2.Nf3 Nc6 3.Bb5 Nd4 4.Nxd4 cxd4 5.O-O a6 6.Bc4 e6 7.d3 b5 8.Bb3 Bb7
9.Nd2 d5 10.e5 Ne7 11.Nf3 Nc6 12.Bg5 Qc7 13.Qe2 h6 14.Bh4 Bc5 15.Bg3 Bb6
16.Nh4 O-O-O 17.f4 g6 18.Nf3 Bc5 19.Rfc1 Qb6 20.Bf2 Kb8 21.Kh1 Rdg8 22.Bh4 Qc7
23.Bf6 Rh7 24.Qf2 g5 25.fxg5 hxg5 26.Nxg5 Rh5 27.Nf3 Rf5 28.Qh4 Be7 29.Bxe7 Nxe7
30.Qh7 Rg4 31.h3 Rg3 32.Rf1 Ng6 33.Nxd4 Rxf1+ 34.Rxf1 Nxe5 35.Re1 Ng6 36.c3 Nf4
37.Rg1 Nxd3 38.Rf1 Nf4 39.Rf2 e5 40.Nf5 Rxg2 41.Rxg2 d4 42.Nh4 Qc8 43.Kg1 Qxh3
44.Qh8+ Ka7 45.Qxe5 Nxg2 46.Qxd4+ Ka8 47.Qd8+ Ka7 48.Qd4+ Ka8 49.Qd8+ Ka7
50.Qd4+ Ka8  1/2-1/2

[Event "Tch-ESP CECLUB GpA"]
[Site "Burguillos ESP"]
[Date "2010.08.11"]
[Round "3"]
[White "Castellanos Rodriguez,R"]
[Black "Leiros Vila,A"]
[Result "1-0"]
[WhiteElo "2475"]
[BlackElo "2168"]

1.e4 c5 2.Nf3 Nc6 3.Bb5 g6 4.Bxc6 dxc6 5.d3 Bg7 6.h3 Nf6 7.Nc3 Nd7 8.O-O e5
9.Bg5 f6 10.Be3 O-O 11.Qd2 Qe7 12.a3 Rd8 13.b4 b6 14.Na4 cxb4 15.axb4 Bb7
16.Ra2 f5 17.Bg5 Bf6 18.Bxf6 Qxf6 19.Qc3 Re8 20.Nb2 fxe4 21.Qc4+ Kg7 22.Qxe4 Qe6
23.Rfa1 a6 24.Nc4 Rab8 25.Qe3 c5 26.bxc5 Nxc5 27.Qxe5+ Qxe5 28.Ncxe5 b5 29.c4 bxc4
30.dxc4 Bxf3 31.Nxf3 Rb4 32.Rc2 Re4 33.Ra5 Nb3 34.Rxa6 Rbxc4 35.Ra7+ Kg8
36.Rb2 Rb4 37.Ng5 Re1+ 38.Kh2 h6 39.Nf3 Ree4 40.Rc2 Rbc4 41.Rca2 Nd4 42.Nd2 Ne6
43.R2a6 Rcd4 44.Nxe4 Rxe4 45.Re7  1-0

[Event "49th WJun"]
[Site "Chotowa POL"]
[Date "2010.08.11"]
[Round "8"]
[White "Green,An"]
[Black "Van Rensburg,R"]
[Result "0-1"]
[WhiteElo "2172"]
[BlackElo "2079"]

1.e4 c5 2.Nf3 Nc6 3.Bb5 Na5 4.c3 a6 5.Ba4 b5 6.Bc2 Bb7 7.O-O g6 8.d4 cxd4
9.Qxd4 Nf6 10.e5 Nc6 11.Qh4 Nh5 12.a4 Qc7 13.Re1 Ng7 14.Na3 bxa4 15.Nc4 Ne6
16.Be3 Bg7 17.Nb6 Rd8 18.Bxa4 Nxe5 19.Nxe5 Bxe5 20.Nc4 Bxh2+ 21.Kh1 Bf4 22.Bxf4 Qxc4
23.Bg3 Qxh4+ 24.Bxh4 g5 25.Bg3 Nf4 26.f3 e6 27.Re5 f6 28.Re3 e5 29.Rd1 Ke7
30.c4 Bc6 31.Bc2 d5 32.cxd5 Rxd5 33.Ra1 Bb5 34.Rc3 Ne2  0-1

[Event "XI Miquel Mas Open"]
[Site "Figueres ESP"]
[Date "2010.08.11"]
[Round "1"]
[White "Aroshidze,L"]
[Black "Buch Prades,J"]
[Result "1-0"]
[WhiteElo "2548"]
[BlackElo "1877"]

1.e4 c5 2.Nf3 Nc6 3.Bb5 g6 4.Bxc6 dxc6 5.d3 Bg7 6.h3 e5 7.Nc3 Ne7 8.Be3 b6
9.Qd2 O-O 10.Bh6 Qd6 11.h4 f5 12.Bxg7 Kxg7 13.exf5 Bxf5 14.h5 Qf6 15.O-O-O Nd5
16.Ne4 Bxe4 17.dxe4 Nf4 18.hxg6 hxg6 19.Qd7+ Qf7 20.Rh7+ Kxh7 21.Ng5+ Kg7
22.Nxf7 Rxf7 23.Qxc6 Raf8 24.Rd6 Rh8 25.g3  1-0

[Event "ch-SLO"]
[Site "Ljubljana SLO"]
[Date "2010.08.11"]
[Round "5"]
[White "Zorko,Ju"]
[Black "Jelen,Ig"]
[Result "1-0"]
[WhiteElo "2437"]
[BlackElo "2383"]

1.e4 c5 2.Nf3 Nc6 3.Bb5 g6 4.Bxc6 dxc6 5.d3 Bg7 6.h3 Nf6 7.Nc3 O-O 8.Be3 b6
9.Qd2 e5 10.Bh6 Qd6 11.Nh2 a5 12.Ng4 Nh5 13.Bxg7 Kxg7 14.Qh6+ Kg8 15.Ne3 b5
16.a4 c4 17.O-O cxd3 18.axb5 dxc2 19.bxc6 Be6 20.Rfc1 Bb3 21.Ncd5 f6 22.Nxc2 Nf4
23.Nxf4 exf4 24.Rd1 Qxc6 25.Nd4 Qb6 26.Nxb3 Qxb3 27.Rd7 Rf7 28.Rxa5  1-0

[Event "7th CHN-RUS w Rapid"]
[Site "Ningbo CHN"]
[Date "2010.08.11"]
[Round "5"]
[White "Wang Yu A"]
[Black "Kosintseva,N"]
[Result "0-1"]
[WhiteElo "2369"]
[BlackElo "2551"]

1.e4 c5 2.Nf3 Nc6 3.Bb5 g6 4.Bxc6 dxc6 5.d3 Bg7 6.h3 b6 7.Nbd2 e5 8.Nc4 f6
9.a3 Be6 10.O-O Nh6 11.Be3 Nf7 12.Qe2 O-O 13.b4 cxb4 14.axb4 Qe7 15.c3 f5
16.exf5 gxf5 17.Ra3 Rad8 18.Rfa1 Rd7 19.d4 f4 20.Bc1 e4 21.Nfe5 Nxe5 22.Nxe5 Bxe5
23.dxe5 Qg7 24.Qh5 e3 25.fxe3 f3  0-1

[Event "7th Marques Prol"]
[Site "Santos BRA"]
[Date "2010.08.11"]
[Round "3"]
[White "Rosito,J"]
[Black "Larrea,M"]
[Result "1/2-1/2"]
[WhiteElo "2422"]
[BlackElo "2303"]

1.e4 c5 2.Nf3 Nc6 3.Bb5 g6 4.Bxc6 dxc6 5.d3 Bg7 6.Nc3 e5 7.Be3 Qe7 8.h3 Nf6
9.Qd2 Nd7 10.Bh6 f6 11.O-O Nf8 12.Ne2 Ne6 13.Bxg7 Qxg7  1/2-1/2

[Event "49th WJun"]
[Site "Chotowa POL"]
[Date "2010.08.13"]
[Round "10"]
[White "Lukovic,V"]
[Black "Straka,Jos"]
[Result "1/2-1/2"]
[WhiteElo "2130"]
[BlackElo "2337"]

1.e4 c5 2.Nf3 Nc6 3.Bb5 g6 4.Bxc6 dxc6 5.h3 Bg7 6.e5 Nh6 7.d3 Nf5 8.O-O Nd4
9.Bf4 Be6 10.Nbd2 b6 11.Re1 Qd7 12.a4 a5 13.b3 Bd5 14.Bg3 Rd8 15.Nxd4 cxd4
16.Nc4 Qb7 17.Qd2 c5 18.f3 O-O 19.Bf4 Qc6 20.Bh6 Rde8 21.Re2 Qe6 22.Rae1 Rb8
23.Qf4 b5 24.Bxg7 Kxg7 25.axb5 a4 26.bxa4 Bxc4 27.dxc4 Qxc4 28.e6 f6 29.Qc7 Rfe8
30.Rd2 Rbc8 31.Qa7 Ra8 32.Qc7 Rac8  1/2-1/2

[Event "7th CHN-RUS Rapid"]
[Site "Ningbo CHN"]
[Date "2010.08.14"]
[Round "16"]
[White "Rublevsky,S"]
[Black "Bu Xiangzhi"]
[Result "1/2-1/2"]
[WhiteElo "2688"]
[BlackElo "2676"]

1.e4 c5 2.Nf3 Nc6 3.Bb5 d6 4.Bxc6+ bxc6 5.O-O Bg4 6.h3 Bh5 7.e5 e6 8.exd6 Bxd6
9.d3 Nf6 10.Nbd2 O-O 11.Qe2 Nd5 12.Ne4 Bc7 13.c4 Nb4 14.Rd1 Bxf3 15.gxf3 Na6
16.f4 Qe7 17.Kh1 Rad8 18.Rg1 f5 19.Ng5 Rf6 20.a3 e5 21.fxe5 Qxe5 22.Qxe5 Bxe5
23.Nf3 Re6 24.Nxe5 Rxe5 25.Bf4 Re2 26.Kg2 Rxb2 27.Rae1 Rb7 28.Re6 Rxd3 29.Rxc6 Rxa3
30.Rd1 Nb4 31.Rd8+ Kf7 32.Rxc5 Nd3 33.Rxf5+ Ke6 34.Rff8 Nxf4+ 35.Rxf4 Rc7
36.Re8+ Kd6 37.Rd8+ Ke6 38.Re8+ Kd6 39.Rd8+  1/2-1/2

[Event "Negroponte Open"]
[Site "Chalkis GRE"]
[Date "2010.08.15"]
[Round "7"]
[White "Kalegin,E"]
[Black "Georgakopoulos,N"]
[Result "0-1"]
[WhiteElo "2453"]
[BlackElo "2258"]

1.e4 c5 2.Nf3 Nc6 3.Bb5 g6 4.Bxc6 dxc6 5.d3 Bg7 6.h3 Nf6 7.Nc3 Nd7 8.Be3 e5
9.Qd2 h6 10.O-O f5 11.exf5 gxf5 12.Rae1 Kf8 13.Qe2 Kg8 14.Nh2 f4 15.Bd2 Nf8
16.Ne4 Qe7 17.Nf3 Ng6 18.Bc3 Bf5 19.g4 Bd7 20.Kg2 h5 21.g5 Bg4 22.Kh2 Nh4
23.Nxh4 Bxe2 24.Rxe2 Kh7 25.g6+ Kg8 26.Nf5 Qd7 27.Nxg7 Qxg7 28.Nd6 Qf8 29.Nf7 Re8
30.Nxh8 f3 31.Re4 Kxh8 32.Rfe1 Kg8 33.Rxe5 Qd6 34.Kh1 Rxe5 35.Bxe5 Qe6 36.Kh2 b5
37.b3 b4 38.g7 Qg6 39.Rg1 Qf5 40.Ba1 Qf4+ 41.Kh1 Qd2 42.Rf1 Qg5 43.Rg1 Qd2
44.Rf1 h4 45.Bb2 Qxc2 46.Ba1 Qe2 47.Kg1 Qxd3  0-1

[Event "7th Marques Prol"]
[Site "Santos BRA"]
[Date "2010.08.15"]
[Round "9"]
[White "Rosito,J"]
[Black "Barbosa,E"]
[Result "1/2-1/2"]
[WhiteElo "2422"]
[BlackElo "2279"]

1.e4 c5 2.Nf3 Nc6 3.Bb5 e6 4.O-O Nge7 5.b3 a6 6.Bxc6 Nxc6 7.Bb2 b5 8.d4 cxd4
9.Nxd4 Bb7 10.Nxc6 Bxc6 11.Nd2 f6 12.Qg4 g6  1/2-1/2

[Event "e2e4 Autumn Women"]
[Site "Uxbridge ENG"]
[Date "2010.08.15"]
[Round "9"]
[White "Horn,E"]
[Black "Messam Sparks,L"]
[Result "1/2-1/2"]
[WhiteElo "2009"]
[BlackElo "1904"]

1.e4 c5 2.Nf3 Nc6 3.Bb5 g6 4.Bxc6 dxc6 5.d3 Bg7 6.O-O e5 7.Nc3 Qc7 8.Be3 b6
9.a4 a5 10.Nd2 Nf6 11.h3 Nh5 12.Ne2 Nf4 13.Nf3 Nxe2+ 14.Qxe2 O-O 15.Rab1 Bd7
16.Qd2 Qd6 17.Bh6 Qf6 18.Bxg7 Kxg7 19.Qe3 Qe7 20.Nd2 f6 21.f4 exf4 22.Qxf4 Be6  1/2-1/2

[Event "FSGM August"]
[Site "Budapest HUN"]
[Date "2010.08.16"]
[Round "10"]
[White "Kargin,A"]
[Black "Konnyu,J"]
[Result "1-0"]
[WhiteElo "2394"]
[BlackElo "2353"]

1.e4 c5 2.Nf3 Nc6 3.Bb5 Nf6 4.Bxc6 dxc6 5.d3 Bg4 6.h3 Bh5 7.Nbd2 Nd7 8.Nc4 f6
9.Bd2 Qc7 10.a3 b5 11.Ne3 Nb6 12.b4 e5 13.Qe2 Bf7 14.O-O c4 15.d4 exd4 16.Nxd4 O-O-O
17.c3 g6 18.Ng4 h5 19.Nxf6 Qe5 20.Nxc6 Qxf6 21.Nxd8 Qxd8 22.Be3 Na4 23.Rad1 Qc7
24.Bd4 Rg8 25.f4 Be6 26.Be5 Qc6 27.Rd2 Bg7 28.Rd6 Qe8 29.Qe3 Kb7 30.Qd4 Bf8
31.f5 gxf5 32.exf5 Bxd6 33.Qxd6 Bd7 34.f6 Bc6 35.Qc7+ Ka8 36.Rd1 Bxg2 37.f7 Bxh3+
38.fxg8=Q Qxg8+ 39.Bg3  1-0

[Event "Pan-Armenian Olym"]
[Site "Yerevan ARM"]
[Date "2010.08.17"]
[Round "3"]
[White "Akopyan,H"]
[Black "Hairapetian,A"]
[Result "0-1"]
[WhiteElo "2258"]
[BlackElo "2213"]

1.e4 c5 2.Nf3 Nc6 3.Bb5 Qc7 4.c3 Nf6 5.Qe2 g6 6.O-O Bg7 7.d4 cxd4 8.cxd4 d5
9.e5 Ne4 10.Ne1 O-O 11.Bxc6 Qxc6 12.Nd3 f6 13.f3 Ng5 14.Bxg5 fxg5 15.Rc1 Qb6
16.Rc5 Bf5 17.Nc3 g4 18.Nxd5 Qd8 19.N3b4 gxf3 20.Qxf3 a5 21.Qb3 e6 22.Nd3 Bxd3
23.Qxd3 exd5 24.Qb3 a4 25.Qb5 Qh4 26.Rxd5 Ra5 27.Qc4 Rxd5 28.Qxd5+ Kh8 29.g3 Rd8  0-1

[Event "ch-FRA NatB"]
[Site "Belfort FRA"]
[Date "2010.08.19"]
[Round "10"]
[White "Le Roux,JP"]
[Black "Vaisser,A"]
[Result "1-0"]
[WhiteElo "2495"]
[BlackElo "2515"]

1.e4 c5 2.Nf3 Nc6 3.Bb5 e6 4.O-O Nge7 5.c3 a6 6.Ba4 b5 7.Bc2 Bb7 8.Qe2 Ng6
9.a4 c4 10.b4 cxb3 11.Bxb3 b4 12.cxb4 Qf6 13.Nc3 Bxb4 14.Bb2 O-O 15.Rab1 Nd4
16.Nxd4 Qxd4 17.Na2 Qxe4 18.Qxe4 Bxe4 19.Nxb4 Bxb1 20.Rxb1 Rfb8 21.Bc3 Nf4
22.Kf1 a5 23.Nc2 Nd5 24.Be5 Rb6 25.Na3 Rb4 26.Nb5 Nb6 27.Bd6 Rh4 28.d4 Nc8
29.Bg3 Rh6 30.Bd1 Ne7 31.Nd6 Nf5 32.Nxf5 exf5 33.Bf3 Rc8 34.Bf4 Re6 35.Bd5 Ree8
36.g3 h6 37.Rb7 Re7 38.h4 Rc3 39.h5 Rc2 40.Bb3 Rc8 41.Bd6 Re4 42.Be5  1-0

[Event "TCh-SRB 1st League"]
[Site "Vrnjacka Banja SRB"]
[Date "2010.08.21"]
[Round "1"]
[White "Predojevic,B"]
[Black "Indjic,D"]
[Result "1-0"]
[WhiteElo "2624"]
[BlackElo "2329"]

1.e4 c5 2.Nf3 Nc6 3.Bb5 e6 4.O-O Nge7 5.Re1 a6 6.Bf1 d5 7.exd5 Nxd5 8.d4 cxd4
9.Nxd4 Ndb4 10.Nxc6 Qxd1 11.Rxd1 Nxc6 12.Nd2 e5 13.Nc4 Be6 14.Be3 Be7 15.Nd6+ Bxd6
16.Rxd6 Nb4 17.Bc5 Nxc2 18.Rc1 Nd4 19.Rb6 Bd5 20.Bd6 Ne6 21.Bc4 Rc8 22.b3 f6
23.Ba3 Bxc4 24.Rxb7 Rc7 25.Rb8+ Nd8 26.bxc4 Rd7 27.c5 Kf7 28.c6 Rc7 29.Bd6 Nxc6
30.Rxh8  1-0